Statistiken für Die 20 finanziell erfolgreichsten Medien-Franchises aller Zeiten

Klicken Sie hier um das Quiz zu spielen!

Allgemein

  • Dieses Quiz wurde 243 mal gespielt
  • Das Durchschnittsergebnis liegt bei 5 aus 20

Antwortstatistiken

Entstehung / Beginn
der Expansion
Geschätze Einnahmen
(in US-Dollar)
Original-MediumFranchise% Korrekt
199732 MilliardenRomanWizarding World
(Harry Potter)
88%
197765 MilliardenFilmStar Wars
68%
200840,4 MilliardenFilmMarvel Cinematic Universe
(MCU)
59%
199671 MilliardenVideospielPokémon
59%
192866.7 MilliardenCartoon
Micky Maus & Freunde
54%
193928 MilliardenComic-BuchBatman
38%
198417.2 MilliardenMangaDragon Ball
37%
200330 MilliardenVideospielCall of Duty
26%
199616.3 MilliardenMangaYu-Gi-Oh!
19%
200621.8 MilliardenAnimationsfilmeCars
10%
197418.2 MilliardenCartoon CharakterHello Kitty
10%
198015.4 MilliardenVideospielPac-Man
8%
198429.6 MilliardenAnimationsserieTransformers
8%
192473.7 MilliardenBuchWinnie Puuh
8%
193017.5 MilliardenCartoonLooney Tunes
6%
198719.4 Milliarden
Animationsfilme
Web-Reihe
Fernseh-Specials
Fernseh-Shows
Barbie
5%
200520 MilliardenVideospielDungeon Fighter Online
(DFO)
4%
200046 MilliardenAnimationsfilmeDisney Prinzessinnen
3%
200015.8 MilliardenAnimationsserieDora (the Explorer)
3%
197344.8 MilliardenBilderbuchAnpanman
2%

Verteilung der Resultate

Perzentil nach korrekt beantworteten Fragen

Anzahl Personen mit jedem Resultat

Ihre Resultats-Entwicklung

Sie haben dieses Quiz noch nicht gespielt